[Event "Bhubaneswar Pillai Memorial"]
[Site "Bhubaneswar"]
[Date "2016.11.20"]
[Round "2"]
[White "Babula, Bhoi"]
[Black "Rajat, Kumar Sahoo"]
[Result "1/2-1/2"]
[WhiteElo "1254"]
[BlackElo "1722"]
[PlyCount "89"]
[EventDate "2016.11.20"]
[EventType "swiss"]
[EventRounds "11"]
[EventCountry "IND"]
[SourceTitle "CBM 175 Extra"]
[Source "ChessBase"]
[SourceDate "2016.12.12"]
[SourceVersion "1"]
[SourceVersionDate "2016.12.12"]
[SourceQuality "1"]

1. d4 Nf6 2. c4 e5 3. dxe5 Ng4 4. Nf3 Bc5 5. e3 Nc6 6. h3 Ngxe5 7. Be2 d6 8. Nc3 0-0 9. 0-0 Be6 10. b3 a5 11. Bb2 f5 12. Nd5 Nxf3+ 13. Bxf3 Ne5 14. Nf4 Nxf3+ 15. Qxf3 Bc8 16. Qd5+ Rf7 17. Ne6 Bxe6 18. Qxe6 Qh4 19. Rad1 Kf8 20. Bd4 Re8 21. Qd5 c6 22. Qf3 Bb4 23. Bb2 Re6 24. Rd4 Qe7 25. Rfd1 g5 26. Qh5 Bc5 27. R4d3 f4 28. exf4 Rxf4 29. Rf3 Rxf3 30. Qxf3+ Ke8 31. Qf5 Qf7 32. Qxf7+ Kxf7 33. Kf1 Re4 34. Re1 Rf4 35. Re2 b5 36. Bc1 Rf5 37. cxb5 cxb5 38. g4 Rd5 39. Rd2 Re5 40. Re2 h6 41. Rxe5 dxe5 42. Be3 Bb4 43. Ke2 Ke6 44. Kd3 Kd5 45. f3 1/2-1/2